000 nam a22 7a 4500
999 _c128241
_d128241
008 180924b xxu||||| |||| 00| 0 eng d
050 _aBX2347.8.A52G67
100 _aThe Catholic Health Association of the United States
_942494
245 _aThe gospel alive: caring for persons with AIDS and related illness.
_c/ by the Catholic Health Association of the United States
260 _aSilver spring
_bCatholic Health Association of the United States
_c1988
300 _a128p.
_c23cm.
650 _aAIDS (disease)
_xPatients
_xPastoral counseling of
_918714
650 _aAIDS (disease)
_xReligious aspects
_xCatholic church
_96356
650 _aChurch work with gays
_942495
650 _aPastoral medicine
_xCatholic church
_97562
942 _2lcc
_cMONOGRAPH